Reeducación de dislexias II-III / (Registro nro. 34682)

Detalles MARC
000 -LEADER
fixed length control field 01169nam a2200301 4500
001 - CONTROL NUMBER
control field 0000014687
003 - CONTROL NUMBER IDENTIFIER
control field CO-CtgCURN
005 - DATE AND TIME OF LATEST TRANSACTION
control field 20250429224008.0
007 - PHYSICAL DESCRIPTION FIXED FIELD--GENERAL INFORMATION
fixed length control field ta
008 - FIXED-LENGTH DATA ELEMENTS--GENERAL INFORMATION
fixed length control field 160627s1979 000 0 eng d
020 ## - INTERNATIONAL STANDARD BOOK NUMBER
International Standard Book Number 848525225X
040 ## - CATALOGING SOURCE
Original cataloging agency CO-CtgCURN
Language of cataloging spa
Transcribing agency coctgcurn
082 0# - DEWEY DECIMAL CLASSIFICATION NUMBER
Classification number 371.9043
Item number P37r
100 1# - MAIN ENTRY--PERSONAL NAME
Personal name Pelarda de Rueda, Mariana.
245 10 - TITLE STATEMENT
Title Reeducación de dislexias II-III /
Statement of responsibility, etc. Mariana Pelarda de Rueda, Albertina Gómez Alvarez , diseño y dibujos Juanmiguel S. Quiros.
260 ## - PUBLICATION, DISTRIBUTION, ETC.
Place of publication, distribution, etc. Madrid :
Name of publisher, distributor, etc. Cepe Ciencias de la Educación Preescolar y Especial Cepe,
Date of publication, distribution, etc. 1979.
300 ## - PHYSICAL DESCRIPTION
Extent 120 p.
336 ## - CONTENT TYPE
Source rdacontent
337 ## - MEDIA TYPE
Source rdamedia
Media type term sin mediacion
Media type code n
338 ## - CARRIER TYPE
Source rdacarrier
Carrier type term volumen
Carrier type code nc
490 1# - SERIES STATEMENT
Series statement Colección cuadernos de recuperacion ;
Volume/sequential designation 10
505 8# - FORMATTED CONTENTS NOTE
Formatted contents note ejercicios de corrección.-- Ejercicios recomendados para la corrección de dificultades de aprendizaje y como trabajo complementario de la etapa escolar
650 14 - SUBJECT ADDED ENTRY--TOPICAL TERM
Topical term or geographic name entry element Educación especial.
700 1# - ADDED ENTRY--PERSONAL NAME
Personal name Gómez Alvarez, Albertina.
908 ## - PUT COMMAND PARAMETER (RLIN)
Put command parameter 160627
942 ## - ADDED ENTRY ELEMENTS (KOHA)
Koha item type Libros
Classification part 371.9043
Item part P37r
Source of classification or shelving scheme Dewey Decimal Classification
Existencias
Withdrawn status Lost status Source of classification or shelving scheme Damaged status Not for loan Collection Home library Current library Shelving location Date acquired Inventory number Total checkouts Full call number Barcode Date last seen Price effective from Koha item type Public note
    Dewey Decimal Classification     General Miguel Henríquez Castañeda Miguel Henríquez Castañeda General 04/29/2025 006724   371.9043 P37r 006724 04/29/2025 04/29/2025 Libros 370-EDUCAC